000 00338nam a22001217a 4500
999 _c9741
_d9741
003 OSt
008 201211b ||||| |||| 00| 0 eng d
245 _aIndian Journal of Industrial Relations
250 _a2008(Jan Vol.43 No.1, Apr Vol.43 No.4)
260 _aNew Delhi
_bShri Ram Centre
650 _aMechanical Engineering
942 _2ddc
_cBV